| 000 | 00388nam a2200109Ia 4500 | ||
|---|---|---|---|
| 008 | 160909s9999 xx 000 0 und d | ||
| 100 | _aHunt, Tyler A. | ||
| 245 | _aLiam Teague's "impressions" and the art form of solo steel pan | ||
| 260 |
_bCalifornia State University, Long Beach. _c2016 |
||
| 650 | _aMULTIMEDIA ARTS | ||
| 856 | _uhttp://pqdtopen.proquest.com/doc/1786894343.html?FMT=ABS | ||
| 999 |
_c304353 _d304353 |
||